000 00495nam a22001817a 4500
005 20250308181851.0
008 250308b |||||||| |||| 00| 0 eng d
020 _a0421289201
050 _aKD7325
100 _aLangan, P. St. J.
245 _aCivil Procedure
_cLangan, P. St. J.
250 _a3rd ed.
260 _aLondon ;
_bSweet and Maxwell
_cc1983
300 _axlvii, 448 p, ;
500 _aIncludes index, table of statutes
700 _aL. D. J. Henderson
942 _2lcc
_cBK
_n0
999 _c4616
_d4616